1531 1466 1115 1759 1462 1175 1591 1660 1956 1996 1002 1535 1907 1906 1256 1769 1588 1407 1401 1081 1621 1726 1116 1188 1872 1446 1932 1746 1558 1520 1010 1602 1525 1302 1174 1789 1640 1005 1900 1829 1379 1645 1256 1148 1041 1629 1959 1651 1238 1408 1336 1207 1712 1733 1408 1382 1836 1097 1418 1906 1916 1512 1765 1356 1116 1416 1962 1430 1836 1285 1723 1030 1695 1650 1374 1573 1090 1162 1248 1859 1283 1819 1898 1919 1411 1978 1872 1692 1135 1680 1899 1799 1337 1845 1480 1951 1978 1008 1017 BCNSPRNW ULIB Ver.6.0+V

เปลี่ยนเป็นภาษาไทย

Change to English
 แสดงรายละเอียดบรรณานุกรม
  กลับหน้าหลัก

Brief Record : Get Marc (ISO 2709) : E-mail record : QR code < ปิดหน้าต่าง
LEADER : 00000nas 2200000uu 4500
001    13399121047
003     ULIB
008    121101s||||||||th 000 0 tha d
022 0  19063903
110 1  กรมพัฒนาการแพทย์แผนไทยและการแพทย์ทางเลือก กระทรวงสาธารณสุข
245 00 วารสารสำนักการแพทย์ทางเลือก/^cกรมพัฒนาการแพทย์แผนไทยและการแพทย์ทางเลือก กระทรวงสาธารณสุข
310    ^aรายสี่เดือน
850 ^a ULIB^bปีที่ 5 ฉบับที่ 2
945    ^p0^l0^i900825
999    ^aใช้งานได้ทุกระบบ
รายการนี้ยังไม่มีแท็ก
คุณยังไม่ได้ล็อกอิน คุณสามารถมีกิจกรรมร่วมกับเว็บไซต์ได้ แต่ต้องล็อกอินก่อน ::
  ล็อกอิน

รายการสื่อสารสนเทศ (วารสาร)

ดูแบบ: กล่อง รายการ
ARRIVED
ปีที่ 5 ฉบับที่ 2
สถานที่: ห้องสมุดวิทยาเขตสวรรค์ประชารักษ์ >หนังสือทั่วไป

BibComment


ยังไม่เคยถูกคอมเมนท์

คอมเมนท์ทรัพยากรรายการนี้
  คอมเมนท์: วารสารสำนักการแพท..


 Copyright 2026. Bcnsprnw @Library